Analysis of the housing status and access to basic infrastructure in Nairobi City County : (Record no. 31383)
[ view plain ]
| 000 -LEADER | |
|---|---|
| fixed length control field | 01066cam a2200289 i 4500 |
| 001 - CONTROL NUMBER | |
| control field | 22838835 |
| 003 - CONTROL NUMBER IDENTIFIER | |
| control field | PACU |
| 005 - DATE AND TIME OF LATEST TRANSACTION | |
| control field | 20221105161319.0 |
| 008 - FIXED-LENGTH DATA ELEMENTS--GENERAL INFORMATION | |
| fixed length control field | 221024s2021 ke a b 000 0 eng |
| 010 ## - LIBRARY OF CONGRESS CONTROL NUMBER | |
| LC control number | 2022322821 |
| 020 ## - INTERNATIONAL STANDARD BOOK NUMBER | |
| International Standard Book Number | 9789966817839 |
| 040 ## - CATALOGING SOURCE | |
| Original cataloging agency | DLC |
| Language of cataloging | eng |
| Transcribing agency | DLC |
| Description conventions | rda |
| 042 ## - AUTHENTICATION CODE | |
| Authentication code | lcode |
| -- | pcc |
| 050 ## - LIBRARY OF CONGRESS CALL NUMBER | |
| Classification number | HD7287 |
| Item number | .M33 2021 |
| 100 1# - MAIN ENTRY--PERSONAL NAME | |
| Personal name | Mbaka, Charity. |
| 245 10 - TITLE STATEMENT | |
| Title | Analysis of the housing status and access to basic infrastructure in Nairobi City County : |
| Remainder of title | disparities and level of deprivation / |
| Statement of responsibility, etc. | Charity Mbaka, Humphrey Njogu. |
| 264 #1 - PRODUCTION, PUBLICATION, DISTRIBUTION, MANUFACTURE, AND COPYRIGHT NOTICE | |
| Place of production, publication, distribution, manufacture | Nairobi, Kenya : |
| Name of producer, publisher, distributor, manufacturer | Kenya Institute for Public Research and Analysis, |
| Date of production, publication, distribution, manufacture, or copyright notice | 2021. |
| 300 ## - PHYSICAL DESCRIPTION | |
| Extent | vii, 76 pages : |
| Other physical details | color illustrations ; |
| Dimensions | 25 cm. |
| 336 ## - CONTENT TYPE | |
| Content type term | text |
| Content type code | txt |
| Source | rdacontent |
| 337 ## - MEDIA TYPE | |
| Media type term | unmediated |
| Media type code | n |
| Source | rdamedia |
| 338 ## - CARRIER TYPE | |
| Carrier type term | volume |
| Carrier type code | nc |
| Source | rdacarrier |
| 490 0# - SERIES STATEMENT | |
| Series statement | KIPPRA discussion paper ; |
| Volume/sequential designation | no. 269 |
| 504 ## - BIBLIOGRAPHY, ETC. NOTE | |
| Bibliography, etc | Includes bibliographical references (pages 69-74). |
| 650 ## - SUBJECT ADDED ENTRY--TOPICAL TERM | |
| Topical term or geographic name as entry element | Housing |
| General subdivision | Social Aspects |
| 942 ## - ADDED ENTRY ELEMENTS (KOHA) | |
| Source of classification or shelving scheme | Library of Congress Classification |
| Koha item type | Special Collections |
| Classification part | HD7287 |
| Item part | .M33 2021 |
| Withdrawn status | Lost status | Source of classification or shelving scheme | Damaged status | Not for loan | Collection code | Home library | Current library | Shelving location | Date acquired | Source of acquisition | Total Checkouts | Full call number | Barcode | Date last seen | Price effective from | Koha item type |
|---|---|---|---|---|---|---|---|---|---|---|---|---|---|---|---|---|
| Library of Congress Classification | Not For Loan | Non-fiction | PAC UNIVERSITY | PAC UNIVERSITY | Special Collection | 07/10/2022 | Donation | SPEC HD7287 .M33 2021 | 54254 | 05/11/2022 | 05/11/2022 | Special Collections |